000 00843nam a2200193Ia 4500
003 GCL
008 140319s9999 xx 000 0 ara d
040 _aGCL /
_cGCL
082 0 4 _aط
_b398.2
_bا م
100 1 _aابراهيم عزوز
245 1 0 _aمن قصة سيف بن ذى يزن - عروس البحر - عيروض - برنوخ - راس سعدون - وحش الفلا - البستان المسحور - تاج بلقيس - غيلونة - كنوز سليمان - تكرور السوداء - شامة وطامة - مناطح البغال /
_cابراهيم عزوز
260 _aالقاهرة :
_bمكتبة مصر
300 _aمتعدد ؛
_c20 سم
490 _aمن قصة سيف بن ذى يزن
_v0
650 0 4 _aالاطفال
650 0 4 _aقصص الاطفال
650 0 4 _aالقصص الشعبية
942 _2ddc
_cBK
999 _c34667
_d34667